Score 0/11 Timer 04:00
0 Plays Today
Draft Position/Team Player % Correct
4th overall (STL)Alex Pietrangelo
96.8%
16th overall (STL)Vladimir Tarasenko
87.1%
3rd overall (FLA)Jay Bouwmeester
87.1%
5th overall (PHI)Brayden Schenn
83.9%
20th overall (STL)Robert Thomas
80.6%
24th overall (TOR)Alex Steen
80.6%
14th overall (STL)Jaden Schwartz
74.2%
8th overall (PIT)Derrick Pouliot
58.1%
26th overall (STL)David Perron
58.1%
31st overall (STL)Klim Kostin
51.6%
20th overall (STL)Robby Fabbri
51.6%
Remove Ads.
Support Sporcle.
Get the best of Sporcle when you Go Orange. This ad-free experience offers more features, more stats, and more fun while also helping to support Sporcle. Thank you for becoming a member.

You're not logged in!

Compare scores with friends on all Sporcle quizzes.
OR
Log In

Sporcle TV

Today on Sporcle TV


Watch our educational content, quiz creation guides, and fun videos on Sporcle TV.

Show Comments

Extras

Top Quizzes Today


Score Distribution

Paid Content

Your Account Isn't Verified!

In order to create a playlist on Sporcle, you need to verify the email address you used during registration. Go to your Sporcle Settings to finish the process.

Report this User

Report this user for behavior that violates our Community Guidelines.

Details: